أخلاقيات مهنة التربية الخاصة / (رقم التسجيلة. 42509)

تفاصيل مارك
000 -الفاتح
حقل البيانات ثابتة الطول 00980nam a22002537a 4500
003 - محدد رقم الضبط
رقم الضبط OSt
005 - وقت وتاريخ اخر تعامل مع التسجيلة
رقم الضبط 20180624133329.0
008 - عناصر البيانات ثابتة الطول - معلومات عامة
حقل البيانات ثابتة الطول 170817s2015 su a g b 000 0 ara d
020 ## - الرقم الدولى المعيارى للكتب
الرقم الدولى المعيارى للكتاب 9786038177785
040 ## - مصدر الفهرسة
لغة الفهرسة ara
وكالة الفهرسة الأصلية Ma-Un
وكالة النسخ Dar Arab
082 04 - رقم تصنيف ديوى العشرى
رقم الطبعة 21
رقم التصنيف 371.144
رقم المادة س ع أ
100 1# - المدخل الرئيسى - إسم شخصى
الإسم الشخصى سالم، عبد الباقي محمد عرفة
9 (RLIN) 63876
245 10 - بيان العنوان
العنوان أخلاقيات مهنة التربية الخاصة /
بيان المسئوليه,etc تأليف عبد الباقي محمد عرفة سالم.
250 ## - بيان الطبعة
بيان الطبعة ط. 1.
260 ## - PUBLICATION, DISTRIBUTION, ETC. (IMPRINT)
مكان الناشر او الموزع الرياض :
اسم الناشر او الموزع مكتبة الرشد،
تاريخ النشر أو التوزيع 2015
-- 1436.
300 ## - الوصف المادى
التعداد 258 ص. ؛
أبعاد الوعاء 24 سم.
504 ## - تبصرة ببليوجرافية
تبصرة ببليوجرافية,الخ يشتمل علي إرجاعات ببليوجرافية.
650 #4 - المدخل الاضافى بالموضوع-مصطلح موضوعى
مصطلح موضوعي أو اسم جغرافي كعنصر مدخل التربية الخاصة
9 (RLIN) 63885
650 #4 - المدخل الاضافى بالموضوع-مصطلح موضوعى
مصطلح موضوعي أو اسم جغرافي كعنصر مدخل التعليم
التقسيم الفرعي العام جوانب سلوكية وأخلاقية
9 (RLIN) 63886
650 #4 - المدخل الاضافى بالموضوع-مصطلح موضوعى
مصطلح موضوعي أو اسم جغرافي كعنصر مدخل المدرسون
التقسيم الفرعي العام أخلاق مهنية
9 (RLIN) 57995
942 ## - عناصر المدخل الإضافي( كوها)
Koha [default] item type كتاب
949 ## - معلومات معالجة محلية(OCLC)
a ALGU
d 15/05/2009
i DA8707-8
n 1
u system.
949 ## - معلومات معالجة محلية(OCLC)
a ARUC
n 1
d 2011/9/11
u training
المقتنيات
حالة الفقد نموذج السعر الفعال حالة تلف ليس للاعارة رقم الطلب رقم النسخة تاريخ الاكتساب الموقع الحالي الباركود الفرع الرئيسي Date last seen نوع المادة فى نظام كوها مصدر التصنيف او خطة الترفيف Total Checkouts
  2018-06-24   Not For Loan 371.144 س ع أ 1 2018-06-24 المكتبة المركزية بالمجمعة (CL) 00247517 المكتبة المركزية بالمجمعة (CL) 2018-06-24 كتاب Dewey Decimal Classification  
  2018-06-24     371.144 س ع أ 2 2018-06-24 المكتبة المركزية بالمجمعة (CL) 00247518 المكتبة المركزية بالمجمعة (CL) 2018-06-24 كتاب Dewey Decimal Classification  
  2018-06-24     371.144 س ع أ 3 2018-06-24 المكتبة المركزية بالمجمعة (CL) 00247519 المكتبة المركزية بالمجمعة (CL) 2018-06-24 كتاب Dewey Decimal Classification  
  2018-06-24   Not For Loan 371.144 س ع أ 1 2018-06-24 مكتبة كلية التربية بالزلفى - طالبات (EZF) 00247520 مكتبة كلية التربية بالزلفى - طالبات (EZF) 2018-06-24 كتاب Dewey Decimal Classification  
  2018-06-24     371.144 س ع أ 2 2018-06-24 مكتبة كلية التربية بالزلفى - طالبات (EZF) 00247521 مكتبة كلية التربية بالزلفى - طالبات (EZF) 2018-06-24 كتاب Dewey Decimal Classification  
  2018-06-24   Not For Loan 371.144 س ع أ 1 2018-06-24 مكتبة مجمع الطالبات بالمجمعة (EMF) 00247522 مكتبة مجمع الطالبات بالمجمعة (EMF) 2018-06-24 كتاب Dewey Decimal Classification  
  2018-06-24     371.144 س ع أ 1 2018-06-24 مكتبة مجمع الطالبات بالمجمعة (EMF) 00247523 مكتبة مجمع الطالبات بالمجمعة (EMF) 2018-06-24 كتاب Dewey Decimal Classification